Visualizzazione normale
Vista MARC
- Cadeggianini Gino
di Personal Name
Records bibliografici associati: 1
001 - CONTROL NUMBER
- control field: 52224
003 - CONTROL NUMBER IDENTIFIER
- control field: IT-RoPau
005 - DATE AND TIME OF LATEST TRANSACTION
- control field: 20151202213822.0
008 - FIXED-LENGTH DATA ELEMENTS
- fixed length control field: 151202|| aca||aabn | a|a d
040 ## - CATALOGING SOURCE
- Original cataloging agency: IT-RoPau
- Transcribing agency: IT-RoPau
100 ## - HEADING--PERSONAL NAME
- Personal name: Cadeggianini Gino
- Miscellaneous information: Codice regista SPICS: 8788
670 ## - SOURCE DATA FOUND
- Source citation: Work cat.: (IT-RoPau)107468: Cadeggianini Gino Codice regista SPICS: 8788, LIBERE DIETRO LE MURA - DONNE IN STRETTA CLAUSURA LIBERE DIETRO LE MURA - DONNE IN STRETTA CLAUSURA (Rif. Codice opera principale : B9603)